[Event "BPB Limburg-open C"]
[Site "Maastricht"]
[Date "2015.05.25"]
[Round "6"]
[White "Hotwani, Rahul"]
[Black "Korinth, Leonardo Enrico"]
[Result "1/2-1/2"]
[WhiteElo "1697"]
[BlackElo "1665"]
[PlyCount "22"]
[EventDate "2015.05.22"]
[EventType "swiss"]
[EventRounds "7"]
[EventCountry "NED"]
[Source "P.Boonen"]
[SourceDate "2015.01.01"]

1. e4 e6 2. c4 c5 3. Nf3 d5 4. exd5 exd5 5. d4 Nf6 6. h3 Be7 7. Be2 dxc4 8.
Bxc4 cxd4 9. Qxd4 O-O 10. O-O Nc6 11. Qd1 Bf5 1/2-1/2

[Event "BPB Limburg-open C"]
[Site "Maastricht"]
[Date "2015.05.25"]
[Round "6"]
[White "Johnen, Franz"]
[Black "Beukema, Constantijn"]
[Result "1/2-1/2"]
[WhiteElo "1717"]
[BlackElo "1553"]
[PlyCount "120"]
[EventDate "2015.05.22"]
[EventType "swiss"]
[EventRounds "7"]
[EventCountry "NED"]
[Source "P.Boonen"]
[SourceDate "2015.01.01"]

1. d4 d5 2. Nf3 Nc6 3. e3 Nf6 4. c4 e6 5. Nc3 Bb4 6. Bd2 O-O 7. Rc1 Re8 8. Be2
Bxc3 9. Bxc3 Ne4 10. O-O f6 11. Qc2 e5 12. cxd5 Qxd5 13. Bc4 Qxc4 14. Qxe4 f5
15. Qb1 Qd5 16. dxe5 Be6 17. b3 Rad8 18. Rcd1 Qe4 19. Qxe4 fxe4 20. Rxd8 Rxd8
21. Nd4 Nxd4 22. Bxd4 b6 23. Rb1 c5 24. Bc3 Rd3 25. Rc1 b5 26. Kf1 c4 27. b4
Kf7 28. Ke2 g5 29. Rc2 Bg4+ 30. f3 Bf5 31. g4 exf3+ 32. Kxf3 Rxe3+ 33. Kxe3
Bxc2 34. Kf3 Ke6 35. Ke3 Bd1 36. h3 h6 37. a3 Kd5 38. Bd4 h5 39. gxh5 Bxh5 40.
Bxa7 Kxe5 41. Bb8+ Kd5 42. Bc7 Bg6 43. Bd8 Bf5 44. Bxg5 Bxh3 45. Bf6 Bf5 46.
Bc3 Bd3 47. Bg7 Bc2 48. Bc3 Ba4 49. Bg7 Ke6 50. Bc3 Kf5 51. Bg7 Kg4 52. Be5 Kh3
53. Kd2 Kg2 54. Kc3 Kf1 55. Kb2 Ke2 56. Bc3 Kd1 57. Bg7 Kd2 58. Bc3+ Kd3 59.
Bg7 Kd2 60. Bc3+ Kd3 1/2-1/2

[Event "BPB Limburg-open C"]
[Site "Maastricht"]
[Date "2015.05.25"]
[Round "6"]
[White "Kalkman de Koster, Franzke"]
[Black "Kusse, Marcel"]
[Result "0-1"]
[WhiteElo "1558"]
[BlackElo "1520"]
[PlyCount "66"]
[EventDate "2015.05.22"]
[EventType "swiss"]
[EventRounds "7"]
[EventCountry "NED"]
[Source "P.Boonen"]
[SourceDate "2015.01.01"]

1. d4 Nf6 2. c4 e5 3. c5 exd4 4. Qxd4 Nc6 5. Qc4 d6 6. cxd6 Bxd6 7. e4 Be6 8.
Qd3 Bb4+ 9. Bd2 Qxd3 10. Bxd3 O-O-O 11. Bb5 Nxe4 12. Nf3 Bxd2+ 13. Nbxd2 Nxd2
14. Bxc6 Nxf3+ 15. gxf3 bxc6 16. O-O Rd2 17. b3 Bd5 18. f4 Bf3 19. Rfe1 Rhd8
20. h4 Rd1 21. Kh2 Rxa1 22. Rxa1 Rd1 23. Rxd1 Bxd1 24. Kg3 a5 25. f3 c5 26. h5
a4 27. bxa4 c4 28. Kf2 Bxa4 29. Ke2 c3 30. Kd3 c2 31. Kd2 Kd7 32. f5 Ke7 33. f4
Kf6 0-1

[Event "BPB Limburg-open C"]
[Site "Maastricht"]
[Date "2015.05.25"]
[Round "6"]
[White "Kutchoukov, Thomas"]
[Black "Bijvank, Evelyn"]
[Result "0-1"]
[WhiteElo "900"]
[BlackElo "900"]
[PlyCount "62"]
[EventDate "2015.05.22"]
[EventType "swiss"]
[EventRounds "7"]
[EventCountry "NED"]
[Source "P.Boonen"]
[SourceDate "2015.01.01"]

1. e4 e5 2. Nf3 Nc6 3. Bc4 Nf6 4. d3 h6 5. Be3 a6 6. Nc3 d6 7. O-O Be6 8. Bb3
d5 9. Re1 d4 10. Bxe6 fxe6 11. Bd2 dxc3 12. Bxc3 Bd6 13. Qd2 Qe7 14. d4 exd4
15. Bxd4 e5 16. Bc3 O-O-O 17. Rad1 Ng4 18. h3 Bc5 19. Qe2 Bxf2+ 20. Kf1 Bxe1
21. Rxe1 Nf6 22. Rb1 g5 23. b4 g4 24. hxg4 Nxg4 25. b5 Nd4 26. Bxd4 exd4 27.
bxa6 b6 28. Qb5 Ne3+ 29. Ke2 Qxe4 30. Nd2 Qxg2+ 31. Kd3 Qg6+ {The game
continued with the illegal move 32.Kc4, which went unnoticed. White lost after
32....,Qxc2+ 33.Kb4 Qxd2+ 34.Ka4 Qxa2+ 35.Kb4 Qxb1+.} 0-1

[Event "BPB Limburg-open C"]
[Site "Maastricht"]
[Date "2015.05.25"]
[Round "6"]
[White "Lammes, Pim"]
[Black "Elisen, Peter"]
[Result "1-0"]
[WhiteElo "1631"]
[BlackElo "1500"]
[PlyCount "43"]
[EventDate "2015.05.22"]
[EventType "swiss"]
[EventRounds "7"]
[EventCountry "NED"]
[Source "P.Boonen"]
[SourceDate "2015.01.01"]

1. e4 g6 2. d4 Bg7 3. c3 d6 4. Bd3 Nf6 5. h3 c6 6. Nf3 h5 7. Be3 Qc7 8. Nbd2 b5
9. b4 a5 10. a3 Nbd7 11. Nb3 a4 12. Nbd2 Nh7 13. Rc1 O-O 14. Nf1 e5 15. Ng3
Ndf6 16. Qd2 Qe7 17. O-O Bb7 18. Rfe1 Nd7 19. Nh2 h4 20. Nh1 g5 21. Ng4 f5 22.
exf5 {.....} 1-0

[Event "BPB Limburg-open C"]
[Site "Maastricht"]
[Date "2015.05.25"]
[Round "6"]
[White "Laureys, Jo"]
[Black "Ratniece, Laura"]
[Result "1/2-1/2"]
[WhiteElo "1283"]
[BlackElo "1571"]
[PlyCount "48"]
[EventDate "2015.05.22"]
[EventType "swiss"]
[EventRounds "7"]
[EventCountry "NED"]
[Source "P.Boonen"]
[SourceDate "2015.01.01"]

1. d4 Nf6 2. Nf3 g6 3. e3 Bg7 4. b3 O-O 5. Bb2 d6 6. Bd3 Nbd7 7. O-O b6 8. Nbd2
Bb7 9. Re1 c5 10. c4 cxd4 11. exd4 d5 12. Rc1 dxc4 13. Rxc4 Ba6 14. Rc3 Bxd3
15. Rxd3 Nd5 16. Ba3 Re8 17. Nf1 Rc8 18. Ne5 N7f6 19. Qf3 Rc2 20. Rd2 Rc7 21.
Bb2 Bh6 22. Rdd1 Qc8 23. Ne3 Nxe3 24. fxe3 Rf8 1/2-1/2

[Event "BPB Limburg-open C"]
[Site "Maastricht"]
[Date "2015.05.25"]
[Round "6"]
[White "Lennartz, Tim"]
[Black "Janssen, Valerie"]
[Result "1-0"]
[WhiteElo "1533"]
[BlackElo "1271"]
[PlyCount "51"]
[EventDate "2015.05.22"]
[EventType "swiss"]
[EventRounds "7"]
[EventCountry "NED"]
[Source "P.Boonen"]
[SourceDate "2015.01.01"]

1. e4 e6 2. d4 d5 3. Nc3 c5 4. dxc5 Bxc5 5. exd5 exd5 6. Qxd5 Nd7 7. Bb5 Bb6 8.
Nf3 a6 9. Bc4 Qe7+ 10. Qe4 Qxe4+ 11. Nxe4 Bc7 12. b3 Ngf6 13. Nxf6+ Nxf6 14.
Bb2 Bd8 15. Ng5 O-O 16. Ba3 Re8+ 17. Kd2 Ne4+ 18. Nxe4 Rxe4 19. Rhe1 Ba5+ 20.
b4 Rd4+ 21. Kc3 Rxc4+ 22. Kxc4 Be6+ 23. Rxe6 Rc8+ 24. Kb3 fxe6 25. bxa5 Rf8 26.
Bxf8 1-0

[Event "BPB Limburg-open C"]
[Site "Maastricht"]
[Date "2015.05.25"]
[Round "6"]
[White "Linschoten, Astrid"]
[Black "Brandsma, Romayn"]
[Result "1-0"]
[WhiteElo "900"]
[BlackElo "900"]
[PlyCount "43"]
[EventDate "2015.05.22"]
[EventType "swiss"]
[EventRounds "7"]
[EventCountry "NED"]
[Source "P.Boonen"]
[SourceDate "2015.01.01"]

1. Nf3 Nf6 2. g3 g6 3. Bg2 Bg7 4. d3 O-O 5. Nbd2 Nc6 6. e4 d6 7. O-O Bd7 8. c3
e5 9. d4 exd4 10. cxd4 a5 11. Qb3 b6 12. Qc3 d5 13. e5 Ne8 14. b3 Nb8 15. Ba3
c5 16. Rfe1 Kh8 17. Rad1 Rg8 18. dxc5 b5 19. Qe3 b4 20. Bb2 a4 21. Ng5 axb3 22.
Nxf7# 1-0

[Event "BPB Limburg-open C"]
[Site "Maastricht"]
[Date "2015.05.25"]
[Round "6"]
[White "Loutragotis, Dimitrios"]
[Black "Chappin, Rene"]
[Result "1-0"]
[WhiteElo "1659"]
[BlackElo "1608"]
[PlyCount "75"]
[EventDate "2015.05.22"]
[EventType "swiss"]
[EventRounds "7"]
[EventCountry "NED"]
[Source "P.Boonen"]
[SourceDate "2015.01.01"]

1. e4 c5 2. Nf3 g6 3. g3 Bg7 4. Bg2 Nc6 5. O-O d6 6. Nc3 Nf6 7. d3 O-O 8. Bf4
Bd7 9. Qc1 Qc8 10. Re1 Ng4 11. Nd5 Re8 12. h3 Nf6 13. Kh2 Nd4 14. Ng1 Bc6 15.
c3 Ne6 16. Bh6 Nd7 17. Bxg7 Kxg7 18. f4 Nd8 19. Ne3 f6 20. h4 Nf7 21. Nh3 Rh8
22. Qd1 Nb6 23. f5 Bd7 24. Nf4 e6 25. fxe6 Bxe6 26. Nxe6+ Qxe6 27. Bh3 Qe8 28.
d4 Rd8 29. Qf3 Nh6 30. Nd5 Rf8 31. Nc7 Qe7 32. Ne6+ Kh8 33. Qf4 Ng8 34. h5 g5
35. Qf2 Rfe8 36. Nxd8 Qxd8 37. dxc5 dxc5 38. Rad1 1-0

[Event "BPB Limburg-open C"]
[Site "Maastricht"]
[Date "2015.05.25"]
[Round "6"]
[White "Loutragotis, Marios"]
[Black "Heuts, Guido"]
[Result "0-1"]
[WhiteElo "900"]
[BlackElo "1320"]
[PlyCount "68"]
[EventDate "2015.05.22"]
[EventType "swiss"]
[EventRounds "7"]
[EventCountry "NED"]
[Source "P.Boonen"]
[SourceDate "2015.01.01"]

1. e4 c6 2. d4 d5 3. exd5 cxd5 4. c4 Nf6 5. Nc3 e6 6. Nf3 Be7 7. Be2 Nc6 8. O-O
O-O 9. Bf4 b6 10. Qc2 dxc4 11. Bxc4 Nxd4 12. Rfd1 Nxc2 13. Rxd8 Rxd8 14. Rc1
Nb4 15. a3 Nbd5 16. Bc7 Nxc7 17. Ne5 Bb7 18. h3 Nd7 19. Nd3 Nc5 20. Ne5 Bf6 21.
f4 Bxe5 22. fxe5 Ne4 23. Nxe4 Bxe4 24. Bb3 Rac8 25. Re1 Rd4 26. Rf1 Rcd8 27.
Rc1 Nd5 28. a4 g6 29. Re1 Nf4 30. Rf1 Bxg2 31. Rxf4 Rxf4 32. Kxg2 Rd2+ 33. Kg1
Rxb2 34. Bc4 Rxc4 0-1

[Event "BPB Limburg-open C"]
[Site "Maastricht"]
[Date "2015.05.25"]
[Round "6"]
[White "Loutragotis, Paraskevas Pantelei"]
[Black "Borsten, Chris"]
[Result "1-0"]
[WhiteElo "1562"]
[BlackElo "1557"]
[PlyCount "51"]
[EventDate "2015.05.22"]
[EventType "swiss"]
[EventRounds "7"]
[EventCountry "NED"]
[Source "P.Boonen"]
[SourceDate "2015.01.01"]

1. e4 e5 2. Nf3 Nc6 3. Bb5 d6 4. d4 exd4 5. Nxd4 Bd7 6. O-O Nxd4 7. Bxd7+ Qxd7
8. Qxd4 Nf6 9. c4 Be7 10. Nc3 O-O 11. f3 Qc6 12. Be3 Rfe8 13. Rac1 b6 14. Nd5
Nxd5 15. cxd5 Qd7 16. Rc6 Bf6 17. Qc4 Rac8 18. Bd4 Bxd4+ 19. Qxd4 Re7 20. Rfc1
Qd8 21. Qa4 Ra8 22. Qc4 Rc8 23. Rc3 Qe8 24. Rxd6 f5 25. Rc6 fxe4 26. d6+ 1-0

[Event "BPB Limburg-open C"]
[Site "Maastricht"]
[Date "2015.05.25"]
[Round "6"]
[White "Maters, Arthur"]
[Black "Valembois, Pierre"]
[Result "1-0"]
[WhiteElo "1189"]
[BlackElo "1203"]
[PlyCount "91"]
[EventDate "2015.05.22"]
[EventType "swiss"]
[EventRounds "7"]
[EventCountry "NED"]
[Source "P.Boonen"]
[SourceDate "2015.01.01"]

1. c4 Nf6 2. Nc3 e6 3. d4 Bb4 4. Bd2 c5 5. Nb5 Ne4 6. Nf3 a6 7. Nc3 d5 8. Nxe4
Bxd2+ 9. Nexd2 dxc4 10. dxc5 Qa5 11. e3 Qxc5 12. Bxc4 b5 13. Rc1 O-O 14. Bxe6
Qb4 15. Bxc8 Qxb2 16. Qc2 Qxc2 17. Rxc2 Nc6 18. Rxc6 Raxc8 19. Rxc8 Rxc8 20.
O-O Rc2 21. a4 b4 22. Rb1 b3 23. Nxb3 Rc4 24. Nc5 f6 25. Nxa6 Rxa4 26. Nc5 Ra5
27. Nb7 Ra8 28. g3 Rb8 29. Rb3 Kf8 30. Nd4 g5 31. Kg2 h5 32. Kf3 Kf7 33. Nd6+
Ke7 34. N6f5+ Kf8 35. Rxb8+ Kf7 36. h4 g4+ 37. Kf4 Kg6 38. Ne6 Kf7 39. Nfd4 f5
40. Kg5 Ke7 41. Kxf5 Kf7 42. Rb7+ Ke8 43. Ng7+ Kf8 44. Nxh5 Kg8 45. Nf6+ Kf8
46. Ne6# 1-0

[Event "BPB Limburg-open C"]
[Site "Maastricht"]
[Date "2015.05.25"]
[Round "6"]
[White "Mestrom, Sterre"]
[Black "Hauffe, Frank"]
[Result "1/2-1/2"]
[WhiteElo "1312"]
[BlackElo "1703"]
[PlyCount "55"]
[EventDate "2015.05.22"]
[EventType "swiss"]
[EventRounds "7"]
[EventCountry "NED"]
[Source "P.Boonen"]
[SourceDate "2015.01.01"]

1. d4 Nf6 2. c4 e6 3. g3 d5 4. b3 Nbd7 5. Bg2 c6 6. Nc3 Bd6 7. e3 O-O 8. Nge2
Qe7 9. O-O Bc7 10. a4 Ba5 11. Ba3 Bb4 12. Bxb4 Qxb4 13. c5 Qa5 14. Qb1 Qc7 15.
b4 Rb8 16. Qc2 b6 17. Rfb1 bxc5 18. bxc5 Ba6 19. Rxb8 Rxb8 20. Rb1 Bc4 21. Nf4
e5 22. Nfe2 e4 23. Qd1 Bd3 24. Rb3 Rb7 25. Nf4 Bc4 26. Rxb7 Qxb7 27. Qb1 Qc7
28. Qb4 1/2-1/2

[Event "BPB Limburg-open C"]
[Site "Maastricht"]
[Date "2015.05.25"]
[Round "6"]
[White "Michielsen, Lies"]
[Black "Lenaerts, Robbe"]
[Result "1/2-1/2"]
[WhiteElo "1150"]
[BlackElo "1260"]
[PlyCount "104"]
[EventDate "2015.05.22"]
[EventType "swiss"]
[EventRounds "7"]
[EventCountry "NED"]
[Source "P.Boonen"]
[SourceDate "2015.01.01"]

1. e4 d5 2. exd5 Nf6 3. Nf3 Nxd5 4. Bc4 Bg4 5. d3 e6 6. h3 Bh5 7. Nbd2 Nc6 8.
Ne4 Bd6 9. Bg5 Be7 10. Bxe7 Qxe7 11. Ng3 Bxf3 12. Qxf3 Qf6 13. Bxd5 exd5 14.
Qxd5 Qe5+ 15. Qxe5+ Nxe5 16. Kd2 O-O-O 17. Rhe1 Rhe8 18. Nf5 Nc4+ 19. Kc3 g6
20. Kxc4 gxf5 21. Kc3 c5 22. Kd2 b5 23. Rxe8 Rxe8 24. Re1 Rxe1 25. Kxe1 Kd7 26.
Kd2 Kd6 27. Ke3 Ke5 28. g3 h5 29. f3 f6 30. c3 a5 31. d4+ cxd4+ 32. cxd4+ Kd5
33. Kf4 Kxd4 34. Kxf5 Kd3 35. Kxf6 Kc2 36. Ke5 Kxb2 37. f4 Kxa2 38. f5 b4 39.
f6 b3 40. f7 b2 41. f8=Q b1=Q 42. Qf2+ Qb2+ 43. Qxb2+ Kxb2 44. g4 hxg4 45. hxg4
a4 46. g5 a3 47. g6 a2 48. g7 a1=Q 49. g8=Q Kc2+ 50. Kd6 Qa3+ 51. Ke5 Qc3+ 52.
Kd6 Qf6+ 1/2-1/2

[Event "BPB Limburg-open C"]
[Site "Maastricht"]
[Date "2015.05.25"]
[Round "6"]
[White "Mitran, Marie"]
[Black "Van Kanten, Brian"]
[Result "1/2-1/2"]
[WhiteElo "1546"]
[BlackElo "1564"]
[PlyCount "81"]
[EventDate "2015.05.22"]
[EventType "swiss"]
[EventRounds "7"]
[EventCountry "NED"]
[Source "P.Boonen"]
[SourceDate "2015.01.01"]

1. d4 Nf6 2. c4 g6 3. Nc3 d5 4. Nf3 Bg7 5. e3 O-O 6. Bd2 c6 7. cxd5 Nxd5 8. Bc4
Nxc3 9. Bxc3 Bg4 10. h3 Bf5 11. O-O b5 12. Bd3 Bxd3 13. Qxd3 Qb6 14. Bb4 Re8
15. a3 Nd7 16. Rac1 Rac8 17. Bc5 Nxc5 18. Rxc5 e6 19. Rfc1 Bf8 20. R5c2 c5 21.
dxc5 Rxc5 22. Rxc5 Bxc5 23. Rd1 Be7 24. Qc3 b4 25. axb4 Bxb4 26. Qd4 Qxd4 27.
Rxd4 a5 28. Ne5 f6 29. Nc6 Bc5 30. Ra4 Bb6 31. Kf1 Kf7 32. Ra3 Rc8 33. Nxa5
Bxa5 34. Rxa5 Rc1+ 35. Ke2 Rc2+ 36. Kf3 Rxb2 37. Ra7+ Kg8 38. g4 Rc2 39. Ra8+
Kg7 40. Ra7+ Kg8 41. Ra8+ 1/2-1/2

[Event "BPB Limburg-open C"]
[Site "Maastricht"]
[Date "2015.05.25"]
[Round "6"]
[White "Mohammadi Nia, Nosratollah"]
[Black "Overmeer, Henk"]
[Result "1/2-1/2"]
[WhiteElo "1168"]
[BlackElo "1644"]
[PlyCount "41"]
[EventDate "2015.05.22"]
[EventType "swiss"]
[EventRounds "7"]
[EventCountry "NED"]
[Source "P.Boonen"]
[SourceDate "2015.01.01"]

1. e4 d5 2. e5 g6 3. Nf3 Bg4 4. Be2 Bg7 5. d4 Bxf3 6. Bxf3 e6 7. O-O Ne7 8. c3
Nbc6 9. Nd2 Qd7 10. Nb3 b6 11. Bf4 h6 12. a4 a5 13. Nd2 g5 14. Bg3 Nf5 15. Bh5
O-O-O 16. Qf3 Nxg3 17. Qxg3 Ne7 18. Qd3 Kb7 19. Bf3 Rhf8 20. Bh5 Ra8 21. b3 {
..... (54)} 1/2-1/2

[Event "BPB Limburg-open C"]
[Site "Maastricht"]
[Date "2015.05.25"]
[Round "6"]
[White "Mollema, Henk"]
[Black "Lennartz, Ludwig"]
[Result "0-1"]
[WhiteElo "1558"]
[BlackElo "1668"]
[PlyCount "136"]
[EventDate "2015.05.22"]
[EventType "swiss"]
[EventRounds "7"]
[EventCountry "NED"]
[Source "P.Boonen"]
[SourceDate "2015.01.01"]

1. e4 c5 2. Nc3 e6 3. f4 Ne7 4. Nf3 g6 5. g3 Bg7 6. Bg2 Nbc6 7. O-O O-O 8. d3
d6 9. h3 f5 10. Re1 a6 11. a4 Qc7 12. Ne2 Rb8 13. c3 b5 14. axb5 axb5 15. Bd2
b4 16. Nc1 Bd7 17. Qc2 Qb6 18. e5 d5 19. Kh2 Ra8 20. Ne2 b3 21. Qd1 Ra2 22.
Rxa2 bxa2 23. Qc2 Rb8 24. b4 cxb4 25. Qxa2 b3 26. Qb2 Na5 27. Ned4 Nec6 28. Be3
Qa6 29. Bf1 Bf8 30. Ra1 Qb7 31. Bd2 Bc5 32. Nxc6 Nxc6 33. d4 Bf8 34. Ne1 Qb6
35. Ra6 Qc7 36. Ra1 Na5 37. Ng2 Nc4 38. Bxc4 dxc4 39. Ne3 Qc6 40. Ra7 Bc8 41.
Bc1 Bb7 42. Qg2 Qb6 43. Rxb7 Rxb7 44. Nxc4 Qc7 45. Qe2 Ra7 46. Bb2 Ra2 47. Kg1
Qc6 48. Qd3 Qb5 49. Kf2 Ra4 50. Ke3 Qxc4 51. Qxc4 Rxc4 52. Kd3 Ra4 53. c4 Ba3
54. Bxa3 Rxa3 55. Kc3 b2+ 56. Kxb2 Ra8 57. c5 Kf7 58. Kb3 Ke7 59. Kc4 Kd7 60.
d5 exd5+ 61. Kxd5 Ra6 62. Kc4 Kc6 63. e6 Ra3 64. Kd4 Rxg3 65. e7 Kd7 66. Kd5
Rxh3 67. e8=Q+ Kxe8 68. Kd6 Rc3 0-1

[Event "BPB Limburg-open C"]
[Site "Maastricht"]
[Date "2015.05.25"]
[Round "6"]
[White "Muntean, Adrian"]
[Black "Heman, Frans"]
[Result "1/2-1/2"]
[WhiteElo "1237"]
[BlackElo "1620"]
[PlyCount "38"]
[EventDate "2015.05.22"]
[EventType "swiss"]
[EventRounds "7"]
[EventCountry "NED"]
[Source "P.Boonen"]
[SourceDate "2015.01.01"]

1. e4 e6 2. d4 c5 3. Nf3 Nf6 4. Bg5 Qa5+ 5. Bd2 Qb6 6. dxc5 Bxc5 7. Bd3 Bxf2+
8. Kf1 Nc6 9. e5 Ng4 10. Nc3 Be3 11. Na4 Qc7 12. Ke2 Bxd2 13. Qxd2 Ngxe5 14.
Raf1 Nxf3 15. gxf3 Qe5+ 16. Kd1 Qd5 17. Nc3 Qh5 18. Rhg1 g6 19. Ne4 Ke7 1/2-1/2

[Event "BPB Limburg-open C"]
[Site "Maastricht"]
[Date "2015.05.25"]
[Round "6"]
[White "Muntean, Felix"]
[Black "Daems, Jan"]
[Result "1/2-1/2"]
[WhiteElo "900"]
[BlackElo "1099"]
[PlyCount "59"]
[EventDate "2015.05.22"]
[EventType "swiss"]
[EventRounds "7"]
[EventCountry "NED"]
[Source "P.Boonen"]
[SourceDate "2015.01.01"]

1. e4 c5 2. Bc4 d6 3. Nf3 h6 4. d4 Qc7 5. O-O Bg4 6. Qd3 Nc6 7. dxc5 Ne5 8.
Nxe5 dxe5 9. b4 Rd8 10. Bb5+ Bd7 11. Nc3 e6 12. Be3 Ne7 13. Rad1 a6 14. Bxd7+
Rxd7 15. Qe2 Nc6 16. b5 Nb8 17. b6 Qc6 18. Qc4 Be7 19. Rxd7 Nxd7 20. h3 Bxc5
21. Bxc5 Nxc5 22. Rb1 O-O 23. Ne2 Rc8 24. f3 Nd7 25. Qb3 Qc5+ 26. Kh2 Rc6 27.
Qd3 Rd6 28. Qc3 Qxc3 29. Nxc3 Rxb6 30. Rd1 1/2-1/2

[Event "BPB Limburg-open C"]
[Site "Maastricht"]
[Date "2015.05.25"]
[Round "6"]
[White "Muntean, Victor"]
[Black "Langbroek, Aarnout"]
[Result "1-0"]
[WhiteElo "1254"]
[BlackElo "1679"]
[PlyCount "97"]
[EventDate "2015.05.22"]
[EventType "swiss"]
[EventRounds "7"]
[EventCountry "NED"]
[Source "P.Boonen"]
[SourceDate "2015.01.01"]

1. e4 d6 2. d4 Nf6 3. Nc3 g6 4. Bc4 Bg7 5. Nf3 O-O 6. O-O Bg4 7. Bf4 Nbd7 8. h3
Bxf3 9. Qxf3 c5 10. e5 Nh5 11. exd6 Nxf4 12. Qxf4 exd6 13. Qxd6 Bxd4 14. Ne4
Nb6 15. Qxd8 Raxd8 16. Be2 Nd5 17. c3 Nf4 18. Bf3 Bg7 19. Nxc5 b6 20. Nb3 Nd3
21. Rab1 Rfe8 22. Rfd1 Bh6 23. Bc6 Re5 24. Bb7 Bf4 25. g3 Bh6 26. Ba6 Red5 27.
Bxd3 Rxd3 28. Rxd3 Rxd3 29. Kf1 Bg7 30. Ke2 Rd6 31. Rd1 Rxd1 32. Kxd1 f5 33.
Kd2 Kf7 34. Kd3 Ke6 35. f4 Kd5 36. Nd4 a6 37. a4 Bf6 38. b4 h5 39. h4 Bg7 40.
c4+ Kd6 41. Nb3 Bf6 42. c5+ Kc6 43. cxb6 Kxb6 44. Kc4 Be7 45. a5+ Kc6 46. Nc5
Bxc5 47. bxc5 Kd7 48. Kd5 Kc7 49. c6 1-0

[Event "BPB Limburg-open C"]
[Site "Maastricht"]
[Date "2015.05.25"]
[Round "6"]
[White "Nguyen, Lucas"]
[Black "Schroeder, Oliver"]
[Result "1-0"]
[WhiteElo "1552"]
[BlackElo "1623"]
[PlyCount "65"]
[EventDate "2015.05.22"]
[EventType "swiss"]
[EventRounds "7"]
[EventCountry "NED"]
[Source "P.Boonen"]
[SourceDate "2015.01.01"]

1. e4 d6 2. Bc4 e5 3. Nf3 Be7 4. d4 Nd7 5. Nc3 Ngf6 6. Ng5 O-O 7. Bxf7+ Rxf7 8.
Ne6 Qe8 9. Nxc7 Qd8 10. Nxa8 Nf8 11. dxe5 Ne8 12. exd6 Bxd6 13. e5 Re7 14. f4
Qa5 15. Qd5+ Qxd5 16. Nxd5 Re6 17. O-O Bc5+ 18. Be3 Bxe3+ 19. Nxe3 Bd7 20. Nd5
Bc6 21. c4 b5 22. Nac7 Nxc7 23. Nxc7 Rg6 24. Rf2 bxc4 25. Rc1 h6 26. Rxc4 Bb7
27. f5 Rb6 28. e6 Rd6 29. e7 Rd1+ 30. Rf1 Rd2 31. Rg4 Bc6 32. f6 g5 33. f7+ 1-0

[Event "BPB Limburg-open C"]
[Site "Maastricht"]
[Date "2015.05.25"]
[Round "6"]
[White "Nissel, Andreas"]
[Black "Weidema, Luuk"]
[Result "1-0"]
[WhiteElo "1628"]
[BlackElo "1189"]
[PlyCount "95"]
[EventDate "2015.05.22"]
[EventType "swiss"]
[EventRounds "7"]
[EventCountry "NED"]
[Source "P.Boonen"]
[SourceDate "2015.01.01"]

1. d4 e6 2. Nf3 d5 3. e3 Nc6 4. c3 Nf6 5. Bd3 Bd6 6. O-O e5 7. dxe5 Nxe5 8.
Nxe5 Bxe5 9. Nd2 O-O 10. f4 Bd6 11. Nf3 b6 12. Qc2 h6 13. Bd2 Bb7 14. Rae1 c5
15. c4 dxc4 16. Qxc4 Bxf3 17. Rxf3 Qd7 18. e4 Be7 19. e5 Ne8 20. Qe4 Qd4+ 21.
Qxd4 cxd4 22. f5 Rc8 23. f6 Nxf6 24. exf6 Bxf6 25. Bxh6 Bh4 26. Bxg7 Bxe1 27.
Bxf8 Kxf8 28. Kf1 Bb4 29. h3 Re8 30. a3 Bd2 31. Bc4 Re7 32. a4 Bg5 33. g3 Rc7
34. b3 Rd7 35. h4 Be3 36. Ke2 Kg7 37. g4 Re7 38. Kd3 Kg6 39. Rf5 f6 40. h5+ Kg7
41. b4 Rc7 42. Rd5 Re7 43. Rd8 Bf2 44. Rg8+ Kh7 45. Rg6 Kh8 46. Rxf6 Re3+ 47.
Kxd4 Re6+ 48. Rxf2 1-0

[Event "BPB Limburg-open C"]
[Site "Maastricht"]
[Date "2015.05.25"]
[Round "6"]
[White "Oosterlinck, Freddy"]
[Black "Proesmans, Karel"]
[Result "1-0"]
[WhiteElo "1356"]
[BlackElo "1625"]
[PlyCount "61"]
[EventDate "2015.05.22"]
[EventType "swiss"]
[EventRounds "7"]
[EventCountry "NED"]
[Source "P.Boonen"]
[SourceDate "2015.01.01"]

1. e4 Nf6 2. Nc3 d5 3. exd5 Nxd5 4. Nxd5 Qxd5 5. Nf3 Bg4 6. Be2 e5 7. d3 Bd6 8.
O-O Nc6 9. Re1 O-O-O 10. c4 Qc5 11. Be3 Nd4 12. Nxd4 exd4 13. Bxg4+ f5 14. Bg5
fxg4 15. Qxg4+ Rd7 16. Re4 h6 17. Rae1 c6 18. Re8+ Rxe8 19. Rxe8+ Kc7 20. Bf4
b5 21. b3 bxc4 22. bxc4 Qa3 23. g3 Qxa2 24. Bxd6+ Kxd6 25. Qe6+ Kc7 26. Qe5+
Kb6 27. Rb8+ Ka6 28. Qe6 Rb7 29. Qxc6+ Rb6 30. Rxb6+ axb6 31. Qa8# 1-0

[Event "BPB Limburg-open C"]
[Site "Maastricht"]
[Date "2015.05.25"]
[Round "6"]
[White "Oxener, Aldo"]
[Black "Mang, Jessie"]
[Result "0-1"]
[WhiteElo "1533"]
[BlackElo "955"]
[PlyCount "126"]
[EventDate "2015.05.22"]
[EventType "swiss"]
[EventRounds "7"]
[EventCountry "NED"]
[Source "P.Boonen"]
[SourceDate "2015.01.01"]

1. e4 c5 2. Nf3 d6 3. d4 cxd4 4. Nxd4 Nf6 5. Nc3 Nc6 6. Nxc6 bxc6 7. Bc4 e5 8.
Bg5 Be7 9. O-O O-O 10. Qe2 h6 11. Bxf6 Bxf6 12. Rad1 Qc7 13. Rd3 Rd8 14. Qh5
Be6 15. Bxe6 fxe6 16. Rg3 Kh8 17. Rd1 d5 18. Qg4 Qe7 19. Rgd3 Rab8 20. b3 a5
21. exd5 exd5 22. Qa4 Qc7 23. Ne2 Rb4 24. Qa3 Qb6 25. c3 Re4 26. Kf1 Rh4 27. h3
e4 28. Rg3 Re8 29. Qc1 Be5 30. Re3 Bf4 31. Nxf4 Rxf4 32. Qd2 Ref8 33. Rde1
Rxf2+ 34. Qxf2 Rxf2+ 35. Kxf2 d4 36. cxd4 Qxd4 37. Kg3 Qe5+ 38. Kf2 Qd4 39. Kg1
c5 40. Kh1 Qb2 41. R1e2 Qa3 42. Rxe4 Kh7 43. Rc2 c4 44. Rexc4 Qe7 45. Rc1 Qa3
46. R1c2 Qe7 47. Rc1 Qa3 48. Ra1 Qb2 49. Rcc1 h5 50. Rcb1 Qd2 51. a3 Qc3 52. b4
axb4 53. axb4 g5 54. b5 g4 55. hxg4 hxg4 56. Rc1 Qg7 57. b6 Qh6+ 58. Kg1 Qxb6+
59. Kf1 g3 60. Ra2 Qf6+ 61. Kg1 Qd4+ 62. Kh1 Qh4+ 63. Kg1 Qh2+ 0-1

[Event "BPB Limburg-open C"]
[Site "Maastricht"]
[Date "2015.05.25"]
[Round "6"]
[White "Patil, Mahesh"]
[Black "Akulov, Mikhail"]
[Result "1-0"]
[WhiteElo "1553"]
[BlackElo "1272"]
[PlyCount "47"]
[EventDate "2015.05.22"]
[EventType "swiss"]
[EventRounds "7"]
[EventCountry "NED"]
[Source "P.Boonen"]
[SourceDate "2015.01.01"]

1. e4 e5 2. Nf3 Nf6 3. Nc3 Bb4 4. Bc4 O-O 5. Nd5 Nxd5 6. Bxd5 d6 7. c3 Bc5 8.
O-O c6 9. Bb3 Bg4 10. h3 Bh5 11. d4 Bxf3 12. gxf3 exd4 13. cxd4 Bb6 14. f4 Qf6
15. e5 dxe5 16. fxe5 Qg6+ 17. Kh2 Nd7 18. Be3 Rad8 19. Qf3 h6 20. Rad1 c5 21.
Rg1 Qh7 22. Qh5 g6 23. Rxg6+ Qxg6 24. Qxg6+ 1-0